书目信息 |
| 题名: |
老兵讲述
|
|
| 作者: | 沈晓昭 , 韩淑芳 主编 | |
| 分册: | 10 | |
| 出版信息: | 北京 中国文史出版社 2016 |
|
| 页数: | 232页 | |
| 开本: | 24cm | |
| 丛书名: | ||
| 单 册: | ||
| 中图分类: | K265.210.6 | |
| 科图分类: | ||
| 主题词: | ||
| 电子资源: | ||
| ISBN: | 978-7-5034-6716-5 | |
| 000 | 01158nam0 2200265 450 | |
| 001 | 2153134866 | |
| 005 | 20211019150955.50 | |
| 010 | @a978-7-5034-6716-5@dCNY29.00 | |
| 100 | @a20160225d2016 em y0chiy0120 ea | |
| 101 | 0 | @achi |
| 102 | @aCN@b110000 | |
| 105 | @ay z 000yy | |
| 106 | @ar | |
| 200 | 1 | @a老兵讲述@Alao bing jiang shu@h10@f沈晓昭,韩淑芳主编 |
| 210 | @a北京@c中国文史出版社@d2016 | |
| 215 | @a232页@d24cm | |
| 300 | @a抗战:刻骨铭心的记忆 | |
| 314 | @a主编:沈晓昭、韩淑芳 | |
| 330 | @a本书收录了抗战期间国民党军队里一些基层老兵的回忆性文章。这些文章均为其所亲历抗战事件的经历与见闻。当时他们或为刚刚投笔从戎参加抗战的训练兵,或为刚刚军校毕业的小兵,或为下级军官等,他们抱着保家卫国之心,满腔热血投身抗战。文章展现了这些基层军人眼中的抗战情形,记录了他们在战争中所做的点点滴滴,反映了基层军人的抗战状态,洋溢着国家兴亡、匹夫有责的爱国激情,对于抗战历史的研究也具有一定参考意义。 | |
| 601 | 02 | @a国民党军@Aguo min dang jun@x抗日战争@j史料 |
| 690 | @aK265.210.6@v5 | |
| 701 | 0 | @a沈晓昭@Ashen xiao zhao@4主编 |
| 701 | 0 | @a韩淑芳@Ahan shu fang@4主编 |
| 801 | 0 | @aCN@b百万庄@c20211018 |
| 905 | @b1310984-87@dK265.210.6@e163:10@f4 | |
| 老兵讲述.10/沈晓昭,韩淑芳主编.-北京:中国文史出版社,2016 |
| 232页;24cm |
| 抗战:刻骨铭心的记忆 |
| ISBN 978-7-5034-6716-5:CNY29.00 |
| 本书收录了抗战期间国民党军队里一些基层老兵的回忆性文章。这些文章均为其所亲历抗战事件的经历与见闻。当时他们或为刚刚投笔从戎参加抗战的训练兵,或为刚刚军校毕业的小兵,或为下级军官等,他们抱着保家卫国之心,满腔热血投身抗战。文章展现了这些基层军人眼中的抗战情形,记录了他们在战争中所做的点点滴滴,反映了基层军人的抗战状态,洋溢着国家兴亡、匹夫有责的爱国激情,对于抗战历史的研究也具有一定参考意义。 |
| ● |
| 相关链接 |
|
|
|
|
正题名:老兵讲述
索取号:K265.210.6/163:10
 
预约/预借
| 序号 | 登录号 | 条形码 | 馆藏地/架位号 | 状态 | 备注 |
| 1 | 1310984 | 213109848 | 第二样本阅览室/ [索取号:K265.210.6/163:10] | 在馆 | |
| 2 | 1310985 | 213109857 | 第二借阅区/ [索取号:K265.210.6/163:10] | 在馆 | |
| 3 | 1310986 | 213109866 | 第二借阅区/ [索取号:K265.210.6/163:10] | 在馆 | |
| 4 | 1310987 | 213109875 | 第二借阅区/ [索取号:K265.210.6/163:10] | 在馆 |